000 00525nam a2200193Ia 4500
003 GCL
008 140319s9999 xx 000 0 eng d
040 _aGCL /
_cGCL
082 0 4 _a709.22
_bM W
100 1 _aMARKS, CLAUDE
245 1 0 _aWORLD ARTISTS 1945 - 1980 AN H.W.WILSON BIOGRAPHY DICTIONARY /
_cMARKS, CLAUDE
260 _a[S.N] :
_bWILSON COMPANY ،
_c1984
300 _a912
650 0 4 _aART
650 0 4 _aالبنوك-النقود
650 0 4 _aMODERN ART
650 0 4 _aARTISTS - BIOGRAPHY
942 _2ddc
_cBK
999 _c15789
_d15789